000 00476nam a22001817a 4500
003 IBSLLIB
005 20260509062505.0
008 260509b |||||||| |||| 00| 0 eng d
020 _a0671864866
040 _aISBLLIB
_beng
041 _hEng
082 _a291
_bWEI
100 _aWeiss , David
245 _aSacred And Profane :
_bA Novel of the life and times of Mozart
260 _aLondon :
_bHodder And Stoughton ,
_c1968
300 _a639 p ;
_c25 cm
942 _cLBK
999 _c22093
_d22093